000 00751nam a22001937a 4500
999 _c182554
_d182554
005 20211122145050.0
010 _aUR-11336
020 _c500.00
_a9789390533091
035 _aU-9891
037 _bDBAD/PUB
082 _a844.08
100 _aا نو ر حسين ا نو ر (ا نو ر بھد ر کی)
245 _aفن ا و ر فنکا ر(فا ر و ق ا حمد جا ءيسی)
_cا نو ر حسين ا نو ر (ا نو ر بھد ر کی)
246 _aFan Aur Fankar (Farooque Ahmad Jaisi (Urdu)
_bby Anwar Hussain Anwar
260 _aN.Delhi
_c2020 ء
_bEducational Publishing House
270 _aD1/16,Ansari Road,Darya Ganj,
_bNew Delhi
_e110002
_l -
300 _a496 ص
_c22 Cm(Hb)
942 _2ddc
_cUR
_h844.08
_mا ن و